[Event "Rewal op-A 16th"]
[Site "Rewal"]
[Date "2011.08.24"]
[Round "5"]
[White "Jarus, Grzegorz"]
[Black "Korosciel, Aneta"]
[Result "0-1"]
[WhiteElo "1858"]
[BlackElo "2066"]
[PlyCount "84"]
[EventDate "2011.08.19"]
[EventType "swiss"]
[EventRounds "9"]
[EventCountry "POL"]
[SourceTitle "CBM 144 Extra"]
[Source "ChessBase"]
[SourceDate "2011.10.28"]
[SourceVersion "1"]
[SourceVersionDate "2011.10.28"]
[SourceQuality "1"]

1. d4 Nf6 2. Nf3 e6 3. c4 b6 4. Nc3 Bb7 5. Bg5 Be7 6. e3 d6 7. Bd3 Nbd7 8. 0-0 0-0 9. Nd2 c5 10. f4 d5 11. cxd5 Nxd5 12. Nxd5 exd5 13. Qh5 g6 14. Qh4 f6 15. Bh6 f5 16. Bg5 Bxg5 17. fxg5 Re8 18. Rf3 Nf8 19. g4 fxg4 20. Qxg4 c4 21. Bc2 Rc8 22. Qf4 Qe7 23. Ba4 Bc6 24. Bxc6 Rxc6 25. h4 Re6 26. Re1 Qg7 27. Kg2 b5 28. a3 a5 29. Qg3 b4 30. axb4 axb4 31. Nb1 Rc6 32. Rc1 Rec8 33. Qe1 Qd7 34. Kg3 c3 35. bxc3 bxc3 36. Rc2 Qe7 37. Kg2 Qb4 38. Rc1 Ne6 39. Kg3 Ng7 40. e4 Qxd4 41. exd5 Rc4 42. Qh1 Nf5+ 0-1

[Event "EU-ch rapid"]
[Site "Warsaw"]
[Date "2010.12.18"]
[Round "1"]
[White "Jarus, Grzegorz"]
[Black "Tregubov, Pavel V"]
[Result "0-1"]
[WhiteElo "1850"]
[BlackElo "2598"]
[PlyCount "75"]
[EventDate "2010.12.18"]
[EventType "swiss (rapid)"]
[EventRounds "13"]
[EventCountry "POL"]
[SourceTitle "CBM 139 Extra"]
[Source "ChessBase"]
[SourceDate "2011.01.05"]
[SourceVersion "1"]
[SourceVersionDate "2011.01.05"]
[SourceQuality "1"]

1. d4 d5 2. Nf3 c6 3. c4 e6 4. Nc3 dxc4 5. a4 Bb4 6. e4 b5 7. Bd2 Bb7 8. axb5 Bxc3 9. Bxc3 cxb5 10. d5 Nf6 11. Nd4 exd5 12. e5 Ne4 13. Nxb5 0-0 14. Qg4 Qb6 15. Nd4 Nxc3 16. Nf5 g6 17. bxc3 Qb2 18. Nh6+ Kg7 19. Rd1 Qxc3+ 20. Rd2 Qxe5+ 21. Be2 Kxh6 22. f4 Qf5 23. h4 Nd7 24. Qg3 Nf6 25. h5 Nxh5 26. Qf3 Kg7 27. g4 Qxf4 28. gxh5 Qxf3 29. Bxf3 Rfe8+ 30. Kf2 Re5 31. hxg6 hxg6 32. Rb1 Bc6 33. Kg3 Rae8 34. Rf2 Rg5+ 35. Kf4 Rf5+ 36. Kg3 Re3 37. Rd1 d4 38. Ra1 0-1

[Event "Polanica Zdroj op-B 44th"]
[Site "Polanica Zdroj"]
[Date "2008.08.19"]
[Round "1"]
[White "Klepaczka, Tomasz"]
[Black "Jarus, Grzegorz"]
[Result "1-0"]
[WhiteElo "2047"]
[BlackElo "1844"]
[PlyCount "55"]
[EventDate "2008.08.19"]
[EventType "swiss"]
[EventRounds "10"]
[EventCountry "POL"]
[SourceTitle "CBM 126 Extra"]
[Source "ChessBase"]
[SourceDate "2008.11.05"]
[SourceVersion "1"]
[SourceVersionDate "2008.11.05"]
[SourceQuality "1"]

1. e4 c5 2. Nc3 Nc6 3. Bb5 g6 4. Bxc6 dxc6 5. d3 Bg7 6. Be3 b6 7. Qd2 Qc7 8. 0-0-0 e5 9. f4 Be6 10. Nf3 Bg4 11. fxe5 Bxe5 12. Nxe5 Qxe5 13. d4 Qe7 14. Rde1 0-0-0 15. Qf2 c4 16. d5 f6 17. b3 Bd7 18. Rd1 Be8 19. Rhe1 Kb7 20. Qe2 Bf7 21. Qxc4 cxd5 22. exd5 Rc8 23. Qe4 Be8 24. Qd4 Qg7 25. Ne4 Qc7 26. Re2 Bd7 27. Kb2 Bf5 28. Bf4 1-0